[Event "EYCC 2024 - G12"]
[Site "?"]
[Date "2024.08.30"]
[Round "8.1"]
[White "Sahin, Zeynep Duru"]
[Black "Matskevich, Varvara"]
[Result "1/2-1/2"]
[BlackElo "1956"]
[WhiteElo "1698"]
[LiveChessVersion "1.4.8"]

1. e4 {[%clk 1:30:54]} c5 {[%clk 1:30:54]} 2. Nc3 {[%clk 1:31:19]} Nc6
{[%clk 1:31:00]} 3. Bb5 {[%clk 1:31:39]} Nd4 {[%clk 1:31:11]} 4. Nf3
{[%clk 1:32:02]} a6 {[%clk 1:31:25]} 5. Bd3 {[%clk 1:31:36]} e6 {[%clk 1:31:32]}
6. Nxd4 {[%clk 1:30:45]} cxd4 {[%clk 1:31:56]} 7. Ne2 {[%clk 1:31:08]} Bc5
{[%clk 1:31:09]} 8. c3 {[%clk 1:30:17]} dxc3 {[%clk 1:15:34]} 9. dxc3
{[%clk 1:29:15]} Ne7 {[%clk 1:09:01]} 10. O-O {[%clk 1:27:43]} O-O
{[%clk 1:07:21]} 11. Bc2 {[%clk 1:24:23]} b5 {[%clk 1:04:48]} 12. Nd4
{[%clk 1:20:28]} Bb7 {[%clk 1:02:16]} 13. Be3 {[%clk 1:20:17]} Qc7
{[%clk 0:59:18]} 14. Qh5 {[%clk 1:17:08]} Rac8 {[%clk 0:49:13]} 15. Rac1
{[%clk 1:06:32]} Rfd8 {[%clk 0:42:07]} 16. Rfe1 {[%clk 1:02:02]} d6
{[%clk 0:28:18]} 17. Bg5 {[%clk 0:43:12]} Re8 {[%clk 0:21:19]} 18. e5
{[%clk 0:36:40]} Ng6 {[%clk 0:19:52]} 19. exd6 {[%clk 0:23:32]} Qxd6
{[%clk 0:18:13]} 20. Rcd1 {[%clk 0:19:52]} Qb6 {[%clk 0:13:41]} 21. Rd3
{[%clk 0:17:45]} Nf8 {[%clk 0:10:15]} 22. b4 {[%clk 0:12:55]} Bxd4
{[%clk 0:08:59]} 23. Rxd4 {[%clk 0:13:23]} Qc6 {[%clk 0:07:26]} 24. Qg4
{[%clk 0:08:06]} Qxc3 {[%clk 0:04:41]} 25. Rc1 {[%clk 0:04:42]} Qb2
{[%clk 0:04:32]} 26. Qd1 {[%clk 0:04:34]} e5 {[%clk 0:04:08]} 27. Rh4
{[%clk 0:02:32]} f6 {[%clk 0:03:13]} 28. Bb3+ {[%clk 0:00:37]} Kh8
{[%clk 0:03:30]} 29. Be3 {[%clk 0:00:51]} Red8 {[%clk 0:02:54]} 30. Qe1
{[%clk 0:00:31]} e4 {[%clk 0:02:10]} 31. Bc5 {[%clk 0:00:47]} Nd7
{[%clk 0:01:38]} 32. Be3 {[%clk 0:00:36]} Ne5 {[%clk 0:01:53]} 33. Rb1
{[%clk 0:00:32]} Qc3 {[%clk 0:02:07]} 34. Qe2 {[%clk 0:00:57]} Bd5
{[%clk 0:01:18]} 35. Bxd5 {[%clk 0:01:15]} Rxd5 {[%clk 0:01:42]} 36. Rxe4
{[%clk 0:01:15]} Rc4 {[%clk 0:01:37]} 37. Rxc4 {[%clk 0:01:26]} Qxc4
{[%clk 0:02:03]} 38. Qxc4 {[%clk 0:01:28]} Nxc4 {[%clk 0:02:17]} 39. Bc5
{[%clk 0:01:03]} Kg8 {[%clk 0:02:21]} 40. g3 {[%clk 0:01:06]} Nd2
{[%clk 0:02:40]} 41. Rb2 {[%clk 0:01:08]} Nf3+ {[%clk 0:02:20]} 42. Kg2
{[%clk 0:01:37]} Ne5 {[%clk 0:02:26]} 43. Re2 {[%clk 0:01:21]} Kf7
{[%clk 0:01:45]} 44. f4 {[%clk 0:01:36]} Nc6 {[%clk 0:01:45]} 45. Rc2
{[%clk 0:00:45]} g6 {[%clk 0:01:25]} 46. Kf3 {[%clk 0:00:49]} Ke6
{[%clk 0:01:44]} 47. Re2+ {[%clk 0:01:09]} Kd7 {[%clk 0:01:36]} 48. Ke3
{[%clk 0:01:19]} Rd1 {[%clk 0:01:24]} 49. Rd2+ {[%clk 0:01:30]} Rxd2
{[%clk 0:01:48]} 50. Kxd2 {[%clk 0:01:58]} Ke6 {[%clk 0:02:11]} 51. Ke3
{[%clk 0:02:16]} Kd5 {[%clk 0:02:11]} 52. Kd3 {[%clk 0:02:43]} Nb8
{[%clk 0:02:02]} 53. g4 {[%clk 0:02:22]} Nd7 {[%clk 0:01:41]} 54. Bd4
{[%clk 0:02:36]} h6 {[%clk 0:01:12]} 55. a3 {[%clk 0:02:15]} f5 {[%clk 0:01:06]}
56. h3 {[%clk 0:02:08]} h5 {[%clk 0:01:19]} 57. g5 {[%clk 0:01:27]} 1/2-1/2

[Event "EYCC 2024 - G12"]
[Site "?"]
[Date "2024.08.30"]
[Round "8.2"]
[White "Ejsymont, Blanka"]
[Black "Bassari, Senem Gul"]
[Result "1-0"]
[BlackElo "1774"]
[WhiteElo "1861"]
[LiveChessVersion "1.4.8"]

1. d4 {[%clk 1:30:58]} Nf6 {[%clk 1:30:41]} 2. c4 {[%clk 1:31:23]} g6
{[%clk 1:31:03]} 3. Nc3 {[%clk 1:31:47]} Bg7 {[%clk 1:31:26]} 4. e4
{[%clk 1:32:10]} d6 {[%clk 1:31:50]} 5. h3 {[%clk 1:32:24]} Nbd7 {[%clk 1:31:37]}
6. Be3 {[%clk 1:32:19]} e5 {[%clk 1:31:54]} 7. d5 {[%clk 1:29:22]} Qe7
{[%clk 1:31:41]} 8. Qd2 {[%clk 1:20:41]} c5 {[%clk 1:29:09]} 9. g4
{[%clk 1:08:11]} Nb6 {[%clk 1:26:55]} 10. Bd3 {[%clk 1:05:39]} Bd7
{[%clk 1:26:08]} 11. Nge2 {[%clk 1:00:36]} Rb8 {[%clk 1:23:50]} 12. Ng3
{[%clk 0:57:55]} Nc8 {[%clk 1:20:42]} 13. a4 {[%clk 0:45:46]} a6 {[%clk 1:20:47]}
14. f3 {[%clk 0:40:08]} h5 {[%clk 1:16:13]} 15. Bg5 {[%clk 0:34:55]} Qf8
{[%clk 1:10:56]} 16. O-O-O {[%clk 0:28:26]} Nh7 {[%clk 1:07:43]} 17. Be3
{[%clk 0:27:20]} h4 {[%clk 1:02:24]} 18. Nge2 {[%clk 0:26:19]} g5
{[%clk 0:58:10]} 19. a5 {[%clk 0:20:51]} Qe7 {[%clk 0:57:19]} 20. Kc2
{[%clk 0:20:27]} O-O {[%clk 0:56:17]} 21. Ra1 {[%clk 0:19:38]} Rd8
{[%clk 0:52:52]} 22. Rhb1 {[%clk 0:19:17]} b5 {[%clk 0:40:29]} 23. axb6
{[%clk 0:17:50]} Rxb6 {[%clk 0:39:46]} 24. Ra3 {[%clk 0:15:26]} Be8
{[%clk 0:35:55]} 25. Rba1 {[%clk 0:12:52]} Qb7 {[%clk 0:33:45]} 26. Nd1
{[%clk 0:10:59]} f6 {[%clk 0:30:27]} 27. Qc1 {[%clk 0:10:02]} Rd7
{[%clk 0:26:28]} 28. Nec3 {[%clk 0:07:54]} Qa8 {[%clk 0:10:12]} 29. Qb1
{[%clk 0:08:03]} Ra7 {[%clk 0:08:00]} 30. Qa2 {[%clk 0:07:32]} Nf8
{[%clk 0:05:24]} 31. Na4 {[%clk 0:06:40]} Rb4 {[%clk 0:03:09]} 32. Nxc5
{[%clk 0:03:02]} dxc5 {[%clk 0:01:16]} 33. Bxc5 {[%clk 0:03:23]} Qb7
{[%clk 0:00:47]} 34. Bxb4 {[%clk 0:02:07]} Qxb4 {[%clk 0:01:09]} 35. Rxa6
{[%clk 0:02:22]} Rxa6 {[%clk 0:00:42]} 36. Qxa6 {[%clk 0:02:32]} Nd6
{[%clk 0:00:36]} 37. Qa3 {[%clk 0:02:30]} Qb8 {[%clk 0:00:36]} 38. Qa7
{[%clk 0:01:32]} Qc8 {[%clk 0:00:33]} 39. Qa6 {[%clk 0:01:03]} Qc7
{[%clk 0:00:34]} 40. Qa7 {[%clk 0:00:51]} Qc8 {[%clk 0:00:39]} 41. Qa6
{[%clk 0:00:38]} Qc7 {[%clk 0:00:56]} 42. Ne3 {[%clk 0:00:38]} Qc5
{[%clk 0:00:35]} 43. Qa7 {[%clk 0:00:52]} Qc8 {[%clk 0:00:38]} 44. c5
{[%clk 0:00:38]} Nd7 {[%clk 0:00:35]} 45. c6 {[%clk 0:00:48]} Nf8
{[%clk 0:00:34]} 46. Qc5 {[%clk 0:00:35]} Nb7 {[%clk 0:00:36]} 47. Qe7
{[%clk 0:00:50]} Nd8 {[%clk 0:00:32]} 48. Nf5 {[%clk 0:00:41]} Nf7
{[%clk 0:00:36]} 49. Qb7 {[%clk 0:00:54]} Bd7 {[%clk 0:00:33]} 50. Ne7+
{[%clk 0:01:19]} 1-0

[Event "EYCC 2024 - G12"]
[Site "?"]
[Date "2024.08.30"]
[Round "8.3"]
[White "Owczarek, Hanna"]
[Black "Hangyal, Anna"]
[Result "1-0"]
[BlackElo "1853"]
[WhiteElo "1742"]
[LiveChessVersion "1.4.8"]

1. e4 {[%clk 1:30:57]} c5 {[%clk 1:30:46]} 2. Nf3 {[%clk 1:31:20]} Nc6
{[%clk 1:31:07]} 3. d4 {[%clk 1:31:37]} cxd4 {[%clk 1:31:34]} 4. Nxd4
{[%clk 1:31:56]} Nf6 {[%clk 1:31:52]} 5. Nc3 {[%clk 1:32:19]} e6 {[%clk 1:32:16]}
6. Ndb5 {[%clk 1:32:17]} Bc5 {[%clk 1:31:38]} 7. Nd6+ {[%clk 1:25:16]} Ke7
{[%clk 1:31:45]} 8. Nxc8+ {[%clk 1:19:27]} Rxc8 {[%clk 1:32:04]} 9. Be2
{[%clk 1:17:22]} a6 {[%clk 1:26:46]} 10. O-O {[%clk 1:12:59]} Qc7
{[%clk 1:17:17]} 11. Kh1 {[%clk 1:03:32]} h5 {[%clk 1:03:55]} 12. h3
{[%clk 0:48:33]} Kf8 {[%clk 0:59:31]} 13. f4 {[%clk 0:40:43]} Nd4
{[%clk 0:58:25]} 14. Be3 {[%clk 0:35:57]} Nxe2 {[%clk 0:58:37]} 15. Qxe2
{[%clk 0:35:44]} Bxe3 {[%clk 0:56:53]} 16. Qxe3 {[%clk 0:35:44]} h4
{[%clk 0:57:00]} 17. e5 {[%clk 0:31:27]} Nh5 {[%clk 0:56:52]} 18. Ne2
{[%clk 0:31:06]} g6 {[%clk 0:55:00]} 19. c3 {[%clk 0:29:20]} Ke7 {[%clk 0:52:21]}
20. Rfd1 {[%clk 0:27:22]} Ng7 {[%clk 0:51:31]} 21. Nd4 {[%clk 0:26:10]} Nf5
{[%clk 0:47:31]} 22. Nxf5+ {[%clk 0:26:02]} gxf5 {[%clk 0:47:56]} 23. Rd2
{[%clk 0:23:13]} Rhg8 {[%clk 0:46:32]} 24. Rad1 {[%clk 0:21:48]} Rcd8
{[%clk 0:46:51]} 25. Qe2 {[%clk 0:16:04]} Rh8 {[%clk 0:44:08]} 26. Rd6
{[%clk 0:14:19]} Rh6 {[%clk 0:36:16]} 27. R1d2 {[%clk 0:12:10]} Rhh8
{[%clk 0:29:24]} 28. R2d4 {[%clk 0:11:06]} a5 {[%clk 0:15:09]} 29. Qb5
{[%clk 0:09:07]} Rhg8 {[%clk 0:14:36]} 30. Rb6 {[%clk 0:08:34]} Rg3
{[%clk 0:14:26]} 31. Rxb7 {[%clk 0:07:31]} Qc8 {[%clk 0:14:48]} 32. Rc4
{[%clk 0:06:25]} Qa8 {[%clk 0:14:54]} 33. Rcc7 {[%clk 0:06:08]} Kf8
{[%clk 0:12:23]} 34. Rxd7 {[%clk 0:05:59]} Rxd7 {[%clk 0:12:40]} 35. Qxd7
{[%clk 0:05:36]} Qe8 {[%clk 0:13:02]} 36. Qd6+ {[%clk 0:04:44]} Kg7
{[%clk 0:12:33]} 37. Rb8 {[%clk 0:04:53]} Qxb8 {[%clk 0:09:19]} 38. Qxb8
{[%clk 0:05:15]} Rd3 {[%clk 0:09:38]} 39. c4 {[%clk 0:04:50]} Rd4
{[%clk 0:09:48]} 40. c5 {[%clk 0:05:07]} Rc4 {[%clk 0:10:12]} 41. Qb6
{[%clk 0:05:21]} a4 {[%clk 0:10:15]} 42. c6 {[%clk 0:05:43]} Kf8 {[%clk 0:10:35]}
43. Qd8+ {[%clk 0:06:04]} 1-0

[Event "EYCC 2024 - G12"]
[Site "?"]
[Date "2024.08.30"]
[Round "8.4"]
[White "Kaminska, Zuzanna"]
[Black "Levchenko, Alisa"]
[Result "0-1"]
[BlackElo "1637"]
[WhiteElo "1848"]
[LiveChessVersion "1.4.8"]

1. e4 {[%clk 1:30:58]} c5 {[%clk 1:30:53]} 2. Nf3 {[%clk 1:31:14]} Nc6
{[%clk 1:31:05]} 3. Bb5 {[%clk 1:30:39]} g6 {[%clk 1:31:16]} 4. Bxc6
{[%clk 1:30:41]} dxc6 {[%clk 1:31:38]} 5. d3 {[%clk 1:30:25]} Bg7
{[%clk 1:31:37]} 6. h3 {[%clk 1:30:19]} e5 {[%clk 1:31:33]} 7. Nc3
{[%clk 1:27:54]} Ne7 {[%clk 1:31:27]} 8. Be3 {[%clk 1:23:17]} b6 {[%clk 1:31:30]}
9. Qd2 {[%clk 1:22:37]} h6 {[%clk 1:29:57]} 10. a4 {[%clk 1:16:36]} a5
{[%clk 1:28:42]} 11. g4 {[%clk 1:14:42]} Be6 {[%clk 1:20:10]} 12. b3
{[%clk 1:13:13]} Qc7 {[%clk 1:18:56]} 13. Rg1 {[%clk 1:07:12]} Rd8
{[%clk 1:11:39]} 14. Qc1 {[%clk 1:04:59]} Kf8 {[%clk 1:04:35]} 15. Nd2
{[%clk 0:49:54]} Kg8 {[%clk 0:58:38]} 16. Nf1 {[%clk 0:45:52]} Kh7
{[%clk 0:58:22]} 17. Ng3 {[%clk 0:43:50]} Qd7 {[%clk 0:51:05]} 18. f3
{[%clk 0:40:15]} Rhg8 {[%clk 0:47:17]} 19. h4 {[%clk 0:38:53]} f5
{[%clk 0:39:17]} 20. gxf5 {[%clk 0:29:41]} gxf5 {[%clk 0:39:32]} 21. exf5
{[%clk 0:20:21]} Nxf5 {[%clk 0:39:23]} 22. Nxf5 {[%clk 0:20:10]} Bxf5
{[%clk 0:39:44]} 23. Qd2 {[%clk 0:19:15]} e4 {[%clk 0:33:01]} 24. fxe4
{[%clk 0:14:25]} Bxe4 {[%clk 0:30:41]} 25. O-O-O {[%clk 0:13:43]} Bf5
{[%clk 0:28:04]} 26. d4 {[%clk 0:07:42]} cxd4 {[%clk 0:23:09]} 27. Bxd4
{[%clk 0:04:48]} Qxd4 {[%clk 0:21:48]} 28. Qxd4 {[%clk 0:02:55]} Bxd4
{[%clk 0:21:00]} 29. Rxg8 {[%clk 0:02:43]} Kxg8 {[%clk 0:21:12]} 30. Kb1
{[%clk 0:02:05]} Bf6 {[%clk 0:20:16]} 31. Rg1+ {[%clk 0:01:07]} Kh7
{[%clk 0:18:45]} 32. Rd1 {[%clk 0:00:38]} Rxd1+ {[%clk 0:19:01]} 33. Nxd1
{[%clk 0:01:02]} Bxh4 {[%clk 0:19:21]} 34. Ne3 {[%clk 0:01:28]} Kg6
{[%clk 0:18:31]} 35. Nc4 {[%clk 0:01:50]} b5 {[%clk 0:16:56]} 36. Nxa5
{[%clk 0:01:53]} bxa4 {[%clk 0:16:46]} 37. bxa4 {[%clk 0:02:11]} Be4
{[%clk 0:16:12]} 38. Nb3 {[%clk 0:02:21]} Be7 {[%clk 0:15:42]} 39. Kc1
{[%clk 0:02:30]} h5 {[%clk 0:14:42]} 40. Kd2 {[%clk 0:02:54]} h4 {[%clk 0:14:51]}
41. Ke3 {[%clk 0:03:10]} Bxc2 {[%clk 0:15:00]} 42. Nd4 {[%clk 0:03:05]} Bc5
{[%clk 0:15:12]} 43. a5 {[%clk 0:03:14]} Bf5 {[%clk 0:14:44]} 44. a6
{[%clk 0:03:35]} Bc8 {[%clk 0:14:53]} 0-1

[Event "EYCC 2024 - G12"]
[Site "?"]
[Date "2024.08.30"]
[Round "8.5"]
[White "Berezovskii, Arina"]
[Black "Rzadkowska, Kaja"]
[Result "0-1"]
[BlackElo "1825"]
[WhiteElo "1647"]
[LiveChessVersion "1.4.8"]

1. e4 {[%clk 1:30:59]} e5 {[%clk 1:30:57]} 2. Nf3 {[%clk 1:31:25]} Nc6
{[%clk 1:31:23]} 3. Bb5 {[%clk 1:31:49]} Nge7 {[%clk 1:31:47]} 4. O-O
{[%clk 1:31:15]} a6 {[%clk 1:31:36]} 5. Bc4 {[%clk 1:25:04]} g6 {[%clk 1:30:51]}
6. Ng5 {[%clk 1:18:07]} d5 {[%clk 1:30:46]} 7. exd5 {[%clk 1:11:34]} Na5
{[%clk 1:30:20]} 8. d6 {[%clk 1:04:29]} Nxc4 {[%clk 1:29:28]} 9. dxe7
{[%clk 1:04:50]} Bxe7 {[%clk 1:14:23]} 10. Ne4 {[%clk 1:03:33]} f5
{[%clk 1:06:29]} 11. d3 {[%clk 1:00:37]} Nb6 {[%clk 1:02:42]} 12. Nec3
{[%clk 0:59:02]} O-O {[%clk 0:59:52]} 13. Be3 {[%clk 0:57:34]} c6
{[%clk 0:57:09]} 14. Re1 {[%clk 0:54:07]} Bf6 {[%clk 0:51:48]} 15. Nd2
{[%clk 0:52:25]} Nd5 {[%clk 0:47:30]} 16. Nxd5 {[%clk 0:48:39]} cxd5
{[%clk 0:46:37]} 17. c3 {[%clk 0:43:51]} b6 {[%clk 0:35:21]} 18. Qb3
{[%clk 0:40:08]} Rb8 {[%clk 0:34:26]} 19. Bc5 {[%clk 0:31:18]} Re8
{[%clk 0:31:27]} 20. Ba3 {[%clk 0:30:57]} Be6 {[%clk 0:30:18]} 21. Qa4
{[%clk 0:28:32]} a5 {[%clk 0:21:50]} 22. b4 {[%clk 0:24:35]} b5 {[%clk 0:15:14]}
23. Qc2 {[%clk 0:18:51]} a4 {[%clk 0:15:04]} 24. Nf3 {[%clk 0:15:41]} Qc7
{[%clk 0:14:30]} 25. Rac1 {[%clk 0:13:48]} Rb6 {[%clk 0:13:48]} 26. Qe2
{[%clk 0:12:26]} Bf7 {[%clk 0:13:44]} 27. Qd2 {[%clk 0:09:19]} Kg7
{[%clk 0:12:42]} 28. Bb2 {[%clk 0:08:23]} h6 {[%clk 0:11:34]} 29. h3
{[%clk 0:08:14]} e4 {[%clk 0:08:23]} 30. dxe4 {[%clk 0:05:53]} dxe4
{[%clk 0:08:17]} 31. Nh2 {[%clk 0:05:43]} Rd8 {[%clk 0:07:11]} 32. Qc2
{[%clk 0:05:15]} Bxa2 {[%clk 0:07:07]} 33. Nf1 {[%clk 0:01:29]} Bb3
{[%clk 0:06:25]} 34. Qe2 {[%clk 0:01:20]} Bc4 {[%clk 0:06:23]} 35. Qe3
{[%clk 0:00:38]} Bg5 {[%clk 0:06:01]} 36. Qc5 {[%clk 0:00:43]} Rc6
{[%clk 0:06:17]} 37. Qxc6 {[%clk 0:00:35]} Qxc6 {[%clk 0:06:44]} 38. Rcd1
{[%clk 0:01:00]} Rd3 {[%clk 0:06:34]} 39. Ne3 {[%clk 0:01:05]} Bxe3
{[%clk 0:06:53]} 40. fxe3 {[%clk 0:01:30]} Qd5 {[%clk 0:07:10]} 41. Rxd3
{[%clk 0:01:47]} exd3 {[%clk 0:07:11]} 42. e4 {[%clk 0:01:56]} fxe4
{[%clk 0:07:32]} 43. Rf1 {[%clk 0:02:20]} d2 {[%clk 0:07:48]} 0-1

[Event "EYCC 2024 - G12"]
[Site "?"]
[Date "2024.08.30"]
[Round "8.6"]
[White "Harutyunyan, Gabriela"]
[Black "Lampou, Marianta"]
[Result "1/2-1/2"]
[BlackElo "1777"]
[WhiteElo "1565"]
[LiveChessVersion "1.4.8"]

1. e4 {[%clk 1:30:24]} e5 {[%clk 1:30:28]} 2. Nf3 {[%clk 1:30:40]} Nc6
{[%clk 1:30:46]} 3. Bb5 {[%clk 1:30:48]} a6 {[%clk 1:31:10]} 4. Ba4
{[%clk 1:31:05]} Nf6 {[%clk 1:31:34]} 5. Bxc6 {[%clk 1:31:05]} dxc6
{[%clk 1:29:53]} 6. d3 {[%clk 1:31:06]} Bd6 {[%clk 1:28:45]} 7. O-O
{[%clk 1:31:17]} Bg4 {[%clk 1:26:59]} 8. h3 {[%clk 1:31:22]} Be6 {[%clk 1:25:33]}
9. Re1 {[%clk 1:26:57]} c5 {[%clk 1:15:06]} 10. Be3 {[%clk 1:20:24]} h6
{[%clk 1:05:16]} 11. Qd2 {[%clk 1:16:35]} O-O {[%clk 1:02:41]} 12. b3
{[%clk 1:11:57]} Nd7 {[%clk 0:50:23]} 13. Nc3 {[%clk 1:08:49]} b5
{[%clk 0:47:03]} 14. Nh2 {[%clk 1:05:01]} f5 {[%clk 0:40:31]} 15. f4
{[%clk 0:55:17]} b4 {[%clk 0:33:57]} 16. Ne2 {[%clk 0:53:18]} fxe4
{[%clk 0:22:51]} 17. dxe4 {[%clk 0:51:55]} exf4 {[%clk 0:22:19]} 18. Nxf4
{[%clk 0:50:44]} Qf6 {[%clk 0:20:01]} 19. Rf1 {[%clk 0:47:47]} Qe5
{[%clk 0:19:21]} 20. Qd3 {[%clk 0:42:30]} g5 {[%clk 0:15:07]} 21. Nf3
{[%clk 0:40:47]} Qf6 {[%clk 0:12:10]} 22. Nxe6 {[%clk 0:34:38]} Qxe6
{[%clk 0:12:20]} 23. Rfe1 {[%clk 0:20:51]} Kh8 {[%clk 0:09:08]} 24. Qd5
{[%clk 0:17:03]} Qxd5 {[%clk 0:08:43]} 25. exd5 {[%clk 0:17:23]} Rf5
{[%clk 0:07:18]} 26. a3 {[%clk 0:15:11]} Ne5 {[%clk 0:01:44]} 27. axb4
{[%clk 0:11:27]} Nxf3+ {[%clk 0:01:55]} 28. gxf3 {[%clk 0:11:49]} cxb4
{[%clk 0:01:58]} 29. Bd4+ {[%clk 0:08:50]} Kh7 {[%clk 0:01:25]} 30. Kg2
{[%clk 0:08:43]} Rxd5 {[%clk 0:01:33]} 31. Re4 {[%clk 0:08:31]} Bc5
{[%clk 0:01:06]} 32. Ra5 {[%clk 0:07:43]} Rxd4 {[%clk 0:01:04]} 33. Rxc5
{[%clk 0:08:07]} Rxe4 {[%clk 0:00:57]} 34. Rxc7+ {[%clk 0:08:22]} Kg6
{[%clk 0:00:48]} 35. fxe4 {[%clk 0:08:40]} a5 {[%clk 0:00:41]} 36. Rc6+
{[%clk 0:07:55]} Kh5 {[%clk 0:00:43]} 37. e5 {[%clk 0:06:55]} Re8
{[%clk 0:00:40]} 38. Rc5 {[%clk 0:07:16]} Kg6 {[%clk 0:00:53]} 39. Rxa5
{[%clk 0:07:38]} Kf5 {[%clk 0:01:14]} 40. e6+ {[%clk 0:03:53]} Kxe6
{[%clk 0:01:33]} 41. Rb5 {[%clk 0:04:02]} Kf6 {[%clk 0:01:11]} 42. Kf3
{[%clk 0:03:29]} Rc8 {[%clk 0:01:01]} 43. Rxb4 {[%clk 0:03:44]} Rxc2
{[%clk 0:01:24]} 44. Rb6+ {[%clk 0:04:09]} Kf5 {[%clk 0:00:47]} 45. Rb5+ 1/2-1/2

[Event "EYCC 2024 - G12"]
[Site "?"]
[Date "2024.08.30"]
[Round "8.7"]
[White "Tolmaceva, Alona"]
[Black "Mirzaliyeva, Fatima Eldar"]
[Result "1-0"]
[BlackElo "1604"]
[WhiteElo "1766"]
[LiveChessVersion "1.4.8"]

1. d4 {[%clk 1:30:52]} Nf6 {[%clk 1:30:56]} 2. Bf4 {[%clk 1:31:13]} g6
{[%clk 1:31:16]} 3. Nd2 {[%clk 1:30:56]} Bg7 {[%clk 1:31:37]} 4. e4
{[%clk 1:30:10]} d6 {[%clk 1:31:25]} 5. h4 {[%clk 1:29:17]} Nbd7 {[%clk 1:23:35]}
6. Ngf3 {[%clk 1:26:53]} b6 {[%clk 1:20:59]} 7. Bc4 {[%clk 1:24:19]} Bb7
{[%clk 1:19:33]} 8. Bb3 {[%clk 1:16:12]} c5 {[%clk 1:14:22]} 9. Ng5
{[%clk 1:13:08]} O-O {[%clk 1:13:53]} 10. h5 {[%clk 1:11:06]} Nxh5
{[%clk 1:11:45]} 11. Rxh5 {[%clk 1:08:42]} gxh5 {[%clk 1:11:30]} 12. Qxh5
{[%clk 1:09:00]} Nf6 {[%clk 1:04:54]} 13. Bxf7+ {[%clk 1:08:46]} Rxf7
{[%clk 0:56:44]} 14. Qxf7+ {[%clk 1:09:03]} Kh8 {[%clk 0:57:09]} 15. Qe6
{[%clk 1:07:19]} Qc8 {[%clk 0:50:04]} 16. Qxe7 {[%clk 1:04:51]} Qd7
{[%clk 0:48:29]} 17. Nf7+ {[%clk 1:03:47]} Kg8 {[%clk 0:48:50]} 18. Qxd7
{[%clk 1:04:09]} Nxd7 {[%clk 0:49:15]} 19. Nxd6 {[%clk 1:04:30]} Ba6
{[%clk 0:48:42]} 20. dxc5 {[%clk 0:59:57]} Nxc5 {[%clk 0:48:48]} 21. O-O-O
{[%clk 0:58:01]} Rf8 {[%clk 0:46:04]} 22. Bg3 {[%clk 0:51:11]} Na4
{[%clk 0:42:44]} 23. e5 {[%clk 0:49:00]} Rd8 {[%clk 0:42:10]} 24. N2e4
{[%clk 0:47:39]} Be2 {[%clk 0:37:54]} 25. Rd2 {[%clk 0:44:44]} Bg4
{[%clk 0:37:38]} 26. b3 {[%clk 0:44:11]} Nc5 {[%clk 0:37:55]} 27. Nxc5
{[%clk 0:44:31]} bxc5 {[%clk 0:38:19]} 28. Rd5 {[%clk 0:44:10]} Bf8
{[%clk 0:38:39]} 29. Rxc5 {[%clk 0:44:05]} Bxd6 {[%clk 0:38:09]} 30. exd6
{[%clk 0:44:29]} Rd7 {[%clk 0:37:36]} 31. f3 {[%clk 0:43:59]} Be6
{[%clk 0:37:59]} 32. Re5 {[%clk 0:44:22]} Kf7 {[%clk 0:38:21]} 33. Re3
{[%clk 0:44:09]} a5 {[%clk 0:38:08]} 34. c4 {[%clk 0:44:33]} a4 {[%clk 0:38:25]}
35. c5 {[%clk 0:44:45]} axb3 {[%clk 0:38:35]} 36. axb3 1-0

[Event "EYCC 2024 - G12"]
[Site "?"]
[Date "2024.08.30"]
[Round "8.8"]
[White "Allahverdi, Zahra"]
[Black "Savchenko, Iryna"]
[Result "1-0"]
[BlackElo "1453"]
[WhiteElo "1698"]
[LiveChessVersion "1.4.8"]

1. d4 {[%clk 1:30:57]} Nf6 {[%clk 1:30:53]} 2. c4 {[%clk 1:31:19]} g6
{[%clk 1:31:17]} 3. Nc3 {[%clk 1:31:42]} Bg7 {[%clk 1:31:42]} 4. g3
{[%clk 1:31:59]} O-O {[%clk 1:32:03]} 5. Bg2 {[%clk 1:32:20]} d6 {[%clk 1:32:21]}
6. Nf3 {[%clk 1:32:29]} Nc6 {[%clk 1:32:37]} 7. O-O {[%clk 1:32:26]} a6
{[%clk 1:33:01]} 8. h3 {[%clk 1:31:28]} Bd7 {[%clk 1:32:44]} 9. Be3
{[%clk 1:29:54]} e5 {[%clk 1:31:31]} 10. dxe5 {[%clk 1:28:50]} dxe5
{[%clk 1:31:47]} 11. Qc1 {[%clk 1:27:36]} Re8 {[%clk 1:20:41]} 12. Bh6
{[%clk 1:22:22]} Bh8 {[%clk 1:20:30]} 13. Rd1 {[%clk 1:21:03]} Qc8
{[%clk 1:19:38]} 14. g4 {[%clk 1:18:19]} a5 {[%clk 1:02:53]} 15. Bg5
{[%clk 0:55:16]} Ra6 {[%clk 0:53:33]} 16. Bxf6 {[%clk 0:49:10]} Bxf6
{[%clk 0:53:18]} 17. Ne4 {[%clk 0:49:19]} Be7 {[%clk 0:47:38]} 18. Qh6
{[%clk 0:49:11]} f5 {[%clk 0:33:31]} 19. Neg5 {[%clk 0:48:29]} Bxg5
{[%clk 0:33:10]} 20. Nxg5 {[%clk 0:48:54]} Re7 {[%clk 0:33:11]} 21. Bd5+
{[%clk 0:49:11]} Be6 {[%clk 0:30:13]} 22. Bxe6+ {[%clk 0:49:15]} Qxe6
{[%clk 0:30:33]} 23. Nxe6 {[%clk 0:49:26]} Rxe6 {[%clk 0:31:02]} 24. Rd7
{[%clk 0:49:31]} Re7 {[%clk 0:31:10]} 25. Rad1 {[%clk 0:48:54]} Ra8
{[%clk 0:31:26]} 26. Rxe7 {[%clk 0:48:45]} Nxe7 {[%clk 0:31:53]} 27. Rd7
{[%clk 0:49:08]} Re8 {[%clk 0:31:30]} 28. gxf5 {[%clk 0:49:12]} 1-0